Myydyimmät automallit Suomessa 2025 - Statistics

Yleistilastot
  • Tätä visaa on pelattu 43 kertaa
  • Keskiarvotulos 4 / 15
Vastaustilastot
Hint Vastaus % Oikein
2112 Toyota Corolla
92%
1039 Skoda Octavia
64%
2338 Toyota Yaris
61%
1748 Volvo XC60
33%
1864 Tesla Model Y
28%
1529 Nissan Qashqai
22%
2839 Toyota Yaris Cross
22%
1877 Toyota RAV4
19%
1781 Skoda Enyaq
17%
1717 Volkswagen ID.4
17%
1494 Kia Ceed
11%
1045 Kia EV3
11%
1398 Toyota C-HR
11%
1388 Volkswagen ID.7
6%
1476 Skoda Elroq
3%
Ehtoja vastaavia visoja ei löytynyt
Tulosjakauma
Jokaisen tuloksen saaneiden osuus
Persentiili vastausten määrän mukaan
Tuloshistoriasi
Et ole pelannut tätä visaa